000
00303nam a2200121Ia 4500
008
190216s9999||||xx |||||||||||||| ||und||
100
_a
Chinna S S
245
0
_a
Agricultural Economics And Indian Agriculture
260
_b
Kalyani Publisher
_c
1997
300
_a
254p
650
_a
Economics
942
_c
BK
999
_c
10609
_d
10609